|
|
|
|
| LEADER |
00000nbm0a2200000 4500 |
| 001 |
358108 |
| 005 |
20231102011047.0 |
| 035 |
|
|
|a (RuTPU)RU\TPU\retro\15376
|
| 090 |
|
|
|a 358108
|
| 100 |
|
|
|a 20200812j193904 k y0rusy50 ca
|
| 101 |
0 |
|
|a rus
|
| 102 |
|
|
|a RU
|
| 105 |
|
|
|a a m 001zy
|
| 200 |
1 |
|
|a Вопросы эксплуатации и испытания шахтных подъемных установок
|e диссертация
|f И. А. Балашев
|g Томский индустриальный институт
|
| 210 |
|
|
|a Томск
|c [Б. и.]
|d 1939
|
| 215 |
|
|
|a 86 л.
|c ил.
|
| 300 |
|
|
|a Машинопись
|
| 320 |
|
|
|a Библиогр.: л. 85-86
|
| 423 |
|
|
|t Альбом фоторисунков к диссертационной работе "Вопросы эксплуатации шахтных подъемных установок"
|f И. А. Балашев
|p 30 л.
|a Балашев, Иван Андреевич
|
| 606 |
1 |
|
|a Шахтные подъемные установки
|x Расчет
|2 stltpush
|3 (RuTPU)RU\TPU\subj\19071
|9 44389
|
| 610 |
1 |
|
|a коллекция ТПУ
|
| 610 |
1 |
|
|a диссертации
|
| 610 |
1 |
|
|a шахты
|
| 610 |
1 |
|
|a электромеханическое оборудование
|
| 610 |
1 |
|
|a кинематический режим
|
| 610 |
1 |
|
|a динамический режим
|
| 610 |
1 |
|
|a асинхронные приводы
|
| 610 |
1 |
|
|a ускорение
|
| 610 |
1 |
|
|a замедление
|
| 610 |
1 |
|
|a защитные устройства
|
| 610 |
1 |
|
|a тормозные устройства
|
| 610 |
1 |
|
|a методы испытания
|
| 675 |
|
|
|a 622.673.1(04)
|v 4
|
| 700 |
|
1 |
|a Балашев
|b И. А.
|c горный инженер, электромеханик
|c профессор Томского политехнического института
|c выпускник Сибирского технологического института
|f 1892-1956
|g Иван Андреевич
|2 stltpush
|3 (RuTPU)RU\TPU\pers\20302
|
| 712 |
0 |
2 |
|a Томский технологический институт
|c (1896-1923)
|2 stltpush
|3 (RuTPU)RU\TPU\col\9244
|9 24666
|
| 801 |
|
1 |
|a RU
|b 63413507
|c 20200812
|
| 801 |
|
2 |
|a RU
|b 63413507
|c 20201027
|g RCR
|
| 942 |
|
|
|c BK
|